| Tag |
First Indicator |
Second Indicator |
Subfields |
| LEADER |
00000cam a2200000 i 4500 |
| 001 |
in00001056849 |
| 005 |
20150929091457.0 |
| 008 |
790413s1975 txu s00010 eng d |
| 035 |
|
|
|a (OCoLC)04854854
|
| 035 |
|
|
|9 AFL5890AM
|
| 040 |
|
|
|a IKM
|c IKM
|d UtOrBLW
|
| 043 |
|
|
|a n-us-tx
|
| 049 |
|
|
|a IKMd
|
| 086 |
|
|
|a Z TA245.7 P943 no.3360
|2 txdocs
|
| 099 |
|
|
|a Z
|a TA245.7
|a P943
|a no.3360
|
| 100 |
1 |
|
|a Lipe, William N.
|q (William Neal)
|
| 245 |
1 |
0 |
|a Field evaluation of processing tomatoes on the Texas high plains /
|c William N. Lipe.
|
| 264 |
|
1 |
|a College Station :
|b Texas Agricultural Experiment Station, Texas A&M University,
|c 1975.
|
| 300 |
|
|
|a 2 unnumbered pages ;
|c 28 cm.
|
| 336 |
|
|
|a text
|b txt
|2 rdacontent
|
| 337 |
|
|
|a unmediated
|b n
|2 rdamedia
|
| 338 |
|
|
|a volume
|b nc
|2 rdacarrier
|
| 490 |
1 |
|
|a Progress report - Texas Agricultural Experiment Station, College Station ; 3360
|
| 500 |
|
|
|a Caption title.
|
| 650 |
|
0 |
|a Tomatoes
|z Texas.
|
| 710 |
2 |
|
|a Texas Agricultural Experiment Station.
|
| 830 |
|
0 |
|a Progress report (Texas Agricultural Experiment Station) ;
|v 3360.
|
| 948 |
|
|
|a 13apr79 IKM 4854854 a Item. Rec on AAY8035
|
| 999 |
|
|
|a MARS
|
| 999 |
f |
f |
|s c85ad15d-95c2-361c-9925-a904b0f58a4f
|i eeb8e504-3eee-3490-b999-9af550712f10
|t 0
|
| 952 |
f |
f |
|p normal
|a Texas A&M University
|b College Station
|c Sterling C. Evans Library
|d Evans: Texas Documents (Annex 5th floor)
|t 0
|e Z TA245.7 P943 no.3341-3415
|h Superintendent of Documents classification
|i unmediated -- volume
|k no.3341-3415
|l 1975:Sept.-1976:Mar.
|m A14816107841
|
| 952 |
f |
f |
|a Texas A&M University
|b College Station
|c Sterling C. Evans Library
|d Evans: Texas Documents (Annex 5th floor)
|t 0
|e Z TA245.7 P943 no.3341-3415
|h Superintendent of Documents classification
|
| 998 |
f |
f |
|a Z TA245.7 P943 no.3341-3415
|s no.3341-3415
|t 0
|l Evans: Texas Documents (Annex 5th floor)
|